000 00488nam a2200181Ia 4500
001 19641
005 20260306172708.0
008 260306t2004||||xx |||||||||||||| ||spa||
041 _aESP
082 _a340.7
_bP27
100 _aPásara, Luis [1944...]
_eAUT
245 0 _aLa enseñanza del derecho en el Perú:
_bsu impacto sobre la administración de justicia
260 _c2004
300 _a114 páginas :
_c24 cm.
650 _aGEN
654 _aCDE
942 _cLIB
_dJUS
_fJUS
_2ddc
_n
999 _c19641
_d19641